Nutrición en las diferentes etapas de la vida (Registro nro. 13286)
[ vista simple ]
| 000 -CABECERA | |
|---|---|
| Longitud fija campo de control | 00630nam a2200217 a 4500 |
| 001 - NÚMERO DE CONTROL | |
| Número de control | ES-MaREB00834670-9 |
| 003 - IDENTIFICADOR DELl NÚMERO DE CONTROL | |
| Identificador del número de control | OSt |
| 005 - FECHA Y HORA DE LA ÚLTIMA TRANSACCIÓN | |
| Fecha y hora de la última transacción | 20140827164913.0 |
| 008 - CÓDIGOS DE INFORMACIÓN DE LONGITUD FIJA | |
| Códigos de información de longitud fija | 070416s2006 esp 000 0 spa d |
| 020 ## - NÚMERO INTERNACIONAL NORMALIZADO PARA LIBROS | |
| Número Internacional Normalizado para Libros (ISBN) | 970-10-5876-3 |
| 040 ## - FUENTE DE LA CATALOGACIÓN | |
| Centro transcriptor | BMC |
| 082 ## - NÚMERO DE LA CLASIFICACIÓN DECIMAL DEWEY | |
| Númeroo de clasificación | 613.2 |
| 100 1# - PUNTO DE ACCESO PRINCIPAL-NOMBRE DE PERSONA | |
| 9 (RLIN) | 24454 |
| Nombre de persona | Brown, Judith E. |
| 245 00 - MENCIÓN DE TÍTULO | |
| Título | Nutrición en las diferentes etapas de la vida |
| Mención de responsabilidad, etc. | Judith E. Brown ... [et al.] |
| 250 ## - MENCIÓN DE EDICIÓN | |
| Mención de edición | 2ª ed |
| 260 ## - PUBLICACIÓN, DISTRIBUCIÓN, ETC. (PIE DE IMPRENTA) | |
| Lugar de publicación, distribución, etc. | México D.F. [etc.] |
| Nombre del editor, distribuidor, etc. | McGraw-Hill Interamericana |
| Fecha de publicación, distribución, etc. | cop. 2006 |
| 300 ## - DESCRIPCIÓN FÍSICA | |
| Extensión | 1 v. (pag. var.) |
| Otras características físicas | il. |
| Dimensiones | 27 cm |
| 650 24 - PUNTO DE ACCESO ADICIONAL DE MATERIA - TÉRMINO DE MATERIA | |
| Término de materia o nombre geográfico como elemento inicial | Nutrición |
| 9 (RLIN) | 2745 |
| 700 1# - PUNTO DE ACCESO ADICIONAL - NOMBRE DE PERSONA | |
| Nombre de persona | Brown, Judith E. |
| 9 (RLIN) | 24454 |
| 942 ## - ENTRADA DE ELEMENTOS AGREGADOS (KOHA) | |
| Fuente de clasificaión o esquema | Dewey Decimal Classification |
| Koha [por defecto] tipo de item | 1- Monografias |
| Suprimido | Perdido | Fuente de clasificación o esquema | Estropeado | Restricciones de uso | No para préstamo | Código de colección | Localización permanente | Localización actual | Localización en estanter&íacute;as | Fecha adquisición | Fuente de adquisición | Número de inventario | Préstamos totales | Renovaciones totales | Signatura completa | Código de barras | Fecha última consulta | Fecha último préstamo | Coste, precio reemplazado | Fecha del precio de reemplazo | Tipo de item de Koha |
|---|---|---|---|---|---|---|---|---|---|---|---|---|---|---|---|---|---|---|---|---|---|
| NULL | NULL | Dewey Decimal Classification | NULL | Prestable | NULL | NULL | Biblioteca Miguel de Cervantes - UNICAES | Biblioteca Miguel de Cervantes - UNICAES | Sala Principal | 27/08/2014 | Donación - Facultad de Ciencias y Humanidades | 021107 | 26 | 5 | 613.2 BRO nut | 1021464 | 17/05/2019 | 14/05/2019 | 35.00 | 27/08/2014 | 1- Monografias |
| NULL | NULL | Dewey Decimal Classification | NULL | Prestable | NULL | NULL | Biblioteca Miguel de Cervantes - UNICAES | Biblioteca Miguel de Cervantes - UNICAES | Sala Principal | 27/08/2014 | Donación - Facultad de Ciencias y Humanidades | 021108 | 33 | 2 | 613.2 BRO nut | 1021465 | 24/03/2026 | 20/03/2026 | 35.00 | 27/08/2014 | 1- Monografias |
| NULL | NULL | Dewey Decimal Classification | NULL | Prestable | NULL | NULL | Biblioteca Miguel de Cervantes - UNICAES | Biblioteca Miguel de Cervantes - UNICAES | Sala Principal | 27/08/2014 | Donación - Facultad de Ciencias y Humanidades | 021109 | 31 | 2 | 613.2 BRO nut | 1021466 | 20/03/2026 | 20/03/2026 | 35.00 | 27/08/2014 | 1- Monografias |